000
00336nam a22001457a 4500
008
210304b ||||| |||| 00| 0 eng d
020
_a
9780077483647
041
_a
eng
080
_a
510
082
_a
510
100
_a
36
101
_a
MAT
245
_a
Introductory Algebra with Power Learning
_c
Messersmith, Sh.
942
_2
udc
_c
BK
999
_c
55736
_d
55736